Normal view
MARC view
- Laidler, Keith James,
Entry Personal Name
001 - CONTROL NUMBER
- control field: 10283
003 - CONTROL NUMBER IDENTIFIER
- control field: NUST
005 - DATE AND TIME OF LATEST TRANSACTION
- control field: 20180509075132.0
008 - FIXED-LENGTH DATA ELEMENTS
- fixed length control field: 180509|| aca||aabn | a|a d
040 ## - CATALOGING SOURCE
- Original cataloging agency: NUST
- Transcribing agency: NUST
100 ## - HEADING--PERSONAL NAME
- Personal name: Laidler, Keith James,
670 ## - SOURCE DATA FOUND
- Source citation: Work cat.: (NUST)0: Laidler, Keith James,, Chemical kinetics, 2007
